000 00462nam a2200181Ia 4500
005 20240823045335.0
008 240823s9999||||xx |||||||||||||| ||und||
041 _aENGLISH
082 _A658.3 P8
100 _aHeggade O D et al.
245 0 _aHuman Resource Development and Management
250 _a1st
260 _c2008
_bArjun Publishing
500 _aYES
650 _aHuman Resource Management
_bManagement Studies
942 _cBK
999 _c214737
_d214737